00575nam a2200145Ia 4500008004100000024005600041100007200097110002300169245002900192260002600221600002500247650003300272856010700305999001700412260210s9999 xx 000 0 und d a19B-011-SE, 19B-004-SE, 19B-017-SE & 19B-035-SE aAdnan Samad, M Omar Siddiqui, Alisha Hameed & Hafiz Taha Sharif aDr. Sharaf Hussain 0aVehicle detection system aKarachi:bUITU,c2019 aSoftware engineering aBachelor of Engineering (BE) uhttps://drive.google.com/file/d/1Sg1mi2F4w3N1r-mjXnB56Cq0v5poWGVf/view?usp=sharingyClick here for PDF c33496d33496